| 000 | 00579nam a22002297a 4500 | ||
|---|---|---|---|
| 003 | OSt | ||
| 005 | 20140311162959.0 | ||
| 008 | 130206t xxu||||| |||| 00| 0 eng d | ||
| 020 | _a978971235638 | ||
| 050 |
_aHD 62.7 _b.M491 2010 |
||
| 100 | _aMedina, Robert G. | ||
| 245 |
_aEntrepreneurship and small business management _cRoberto G. Medina |
||
| 260 |
_aManila : _bRex Book Store, _c2010. |
||
| 300 |
_a350 p. : _c23 cm. |
||
| 521 | _aBSBA | ||
| 562 | _e1 | ||
| 942 |
_2lcc _cBK _kLOC |
||
| 999 |
_c39143 _d39143 |
||